| 000 | 00379nam a22001337a 4500 | ||
|---|---|---|---|
| 082 |
_a355.3450954 _bTHO |
||
| 100 |
_aThorton, James Howard _949887 |
||
| 245 |
_aMemories of seven campaigns _c James Howard,Thorton, |
||
| 260 |
_bArchibald Constable and Co. _c1895 |
||
| 300 | _axiv, 359p,: | ||
| 526 |
_a0 _b0 _c0 _d355_345095400000000_THO |
||
| 650 |
_aMCE _9379 |
||
| 942 |
_2ddc _cBK |
||
| 999 |
_c552630 _d552630 |
||